[Event "Heusenstamm Sparkassen op-B 9th"]
[Site "Heusenstamm"]
[Date "2023.11.24"]
[Round "3"]
[White "Steinke, Hans Joerg"]
[Black "Mueller, Jens2"]
[Result "1-0"]
[WhiteElo "1701"]
[BlackElo "1497"]
[PlyCount "51"]
[EventDate "2023.11.23"]
[EventType "swiss"]
[EventRounds "7"]
[EventCountry "GER"]
[SourceTitle "EXT 2025"]
[Source "ChessBase"]
[SourceDate "2024.10.14"]
[SourceVersion "1"]
[SourceVersionDate "2024.10.14"]
[SourceQuality "1"]

1. d4 Nf6 2. c4 e6 3. Nf3 b6 4. g3 Bb7 5. Bg2 Be7 6. Nc3 d5 7. Ne5 0-0 8. 0-0 Nbd7 9. cxd5 exd5 10. Re1 c5 11. Bg5 cxd4 12. Nxd7 Qxd7 13. Qxd4 Bc5 14. Qd2 Qf5 15. Qf4 Bxf2+ 16. Kxf2 Ng4+ 17. Kg1 Qc8 18. Qd4 Qf5 19. Qf4 Qc8 20. h3 Qc5+ 21. e3 Nxe3 22. Rxe3 Rfe8 23. Rae1 f6 24. Bh4 Re7 25. Kh2 Rxe3 26. Qxe3 1-0

[Event "Altenkirchen Seniors op 19th"]
[Site "Altenkirchen"]
[Date "2022.07.25"]
[Round "7"]
[White "Meyer, Dieter"]
[Black "Steinke, Hans Joerg"]
[Result "1/2-1/2"]
[WhiteElo "1879"]
[BlackElo "1730"]
[PlyCount "110"]
[EventDate "2022.07.19"]
[EventType "swiss"]
[EventRounds "9"]
[EventCountry "GER"]
[SourceTitle "CBM 209 Extra"]
[Source "ChessBase"]
[SourceDate "2022.09.30"]
[SourceVersion "1"]
[SourceVersionDate "2022.09.30"]
[SourceQuality "1"]

1. c4 e6 2. g3 Nf6 3. Nc3 d5 4. cxd5 Nxd5 5. Bg2 Nc6 6. a3 Be7 7. Nf3 0-0 8. 0-0 b6 9. d4 Bb7 10. Qc2 Rb8 11. Bd2 Nf6 12. e3 Na5 13. Ne5 Bxg2 14. Kxg2 Qd6 15. Kg1 a6 16. Ne4 Nxe4 17. Qxe4 Nb3 18. Bb4 c5 19. dxc5 Qd5 20. Qxd5 exd5 21. Rad1 bxc5 22. Bc3 d4 23. exd4 cxd4 24. Be1 Rb5 25. Nc6 Bf6 26. Bb4 Re8 27. Rfe1 Re6 28. Ne7+ Bxe7 29. Bxe7 Rbe5 30. Rxe5 Rxe5 31. Bb4 a5 32. f4 Re2 33. Bc3 Re4 34. Be1 f5 35. Kf1 Kf7 36. a4 Ke6 37. Rd3 Nc5 38. Ra3 Kd5 39. Bxa5 d3 40. b4 d2 41. Ra1 Nb3 42. Rd1 Kc4 43. b5 Kd3 44. Bxd2 Nxd2+ 45. Kg2 Rxa4 46. Rc1 Rc4 47. Ra1 Rc7 48. b6 Rb7 49. Ra7 Rxb6 50. Rxg7 h6 51. Rf7 Ke4 52. h3 Nc4 53. Re7+ Kd5 54. g4 Rg6 55. Kg3 Kd6 1/2-1/2

[Event "Altenkirchen Seniors op 19th"]
[Site "Altenkirchen"]
[Date "2022.07.23"]
[Round "5"]
[White "Steinke, Hans Joerg"]
[Black "Wild, Helmut"]
[Result "1/2-1/2"]
[WhiteElo "1730"]
[BlackElo "1861"]
[PlyCount "38"]
[EventDate "2022.07.19"]
[EventType "swiss"]
[EventRounds "9"]
[EventCountry "GER"]
[SourceTitle "CBM 209 Extra"]
[Source "ChessBase"]
[SourceDate "2022.09.30"]
[SourceVersion "1"]
[SourceVersionDate "2022.09.30"]
[SourceQuality "1"]

1. d4 d5 2. c4 c6 3. Nc3 a6 4. cxd5 cxd5 5. Nf3 Nc6 6. Qb3 Nf6 7. Bg5 e6 8. e3 Be7 9. Bd3 0-0 10. 0-0 h6 11. Bh4 Bd7 12. Rac1 Na5 13. Qc2 b5 14. Ne5 Nc4 15. Qe2 Rc8 16. f4 Ne4 17. Bxe7 Nxc3 18. Rxc3 Qxe7 19. Rfc1 Nxe5 1/2-1/2

[Event "Altenkirchen Seniors op 19th"]
[Site "Altenkirchen"]
[Date "2022.07.22"]
[Round "4"]
[White "Hassenrueck, Helmut"]
[Black "Steinke, Hans Joerg"]
[Result "1-0"]
[WhiteElo "2143"]
[BlackElo "1730"]
[PlyCount "45"]
[EventDate "2022.07.19"]
[EventType "swiss"]
[EventRounds "9"]
[EventCountry "GER"]
[SourceTitle "CBM 209 Extra"]
[Source "ChessBase"]
[SourceDate "2022.09.30"]
[SourceVersion "1"]
[SourceVersionDate "2022.09.30"]
[SourceQuality "1"]

1. d4 d6 2. e4 g6 3. Nc3 Bg7 4. f4 e5 5. dxe5 dxe5 6. Qxd8+ Kxd8 7. Nf3 Nd7 8. fxe5 Nxe5 9. Bg5+ Ke8 10. Nd5 Nxf3+ 11. gxf3 Be5 12. f4 Bd6 13. e5 c6 14. Nf6+ Nxf6 15. Bxf6 Rg8 16. exd6 Be6 17. 0-0-0 Kd7 18. Bg2 Rge8 19. Bf3 b5 20. Rhe1 Rac8 21. h4 Rb8 22. f5 Bxf5 23. Re7+ 1-0

[Event "Altenkirchen Seniors op 19th"]
[Site "Altenkirchen"]
[Date "2022.07.21"]
[Round "3"]
[White "Steinke, Hans Joerg"]
[Black "Walther, Reinhard"]
[Result "1-0"]
[WhiteElo "1730"]
[BlackElo "1922"]
[PlyCount "47"]
[EventDate "2022.07.19"]
[EventType "swiss"]
[EventRounds "9"]
[EventCountry "GER"]
[SourceTitle "CBM 209 Extra"]
[Source "ChessBase"]
[SourceDate "2022.09.30"]
[SourceVersion "1"]
[SourceVersionDate "2022.09.30"]
[SourceQuality "1"]

1. d4 d5 2. c4 c6 3. Nc3 Nf6 4. Nf3 dxc4 5. a4 Bf5 6. e3 e6 7. Bxc4 Bb4 8. 0-0 Nbd7 9. Qe2 Bg4 10. Rd1 Qc7 11. e4 e5 12. Bxf7+ Kxf7 13. Qc4+ Kg6 14. Qxb4 exd4 15. Qxd4 Bxf3 16. gxf3 Ne5 17. Qe3 Rad8 18. Qe2 Rxd1+ 19. Qxd1 Rd8 20. Qe2 Rd3 21. Be3 Qd7 22. Kh1 Kf7 23. f4 Qh3 24. fxe5 1-0

[Event "Dortmund Sparkassen op-B 47th"]
[Site "Dortmund"]
[Date "2019.07.18"]
[Round "6"]
[White "Steinke, Hans Joerg"]
[Black "Rudolph, Eva"]
[Result "1/2-1/2"]
[WhiteElo "1644"]
[BlackElo "1771"]
[PlyCount "35"]
[EventDate "2019.07.13"]
[EventType "swiss"]
[EventRounds "9"]
[EventCountry "GER"]
[SourceTitle "CBM 192 Extra"]
[Source "Chessbase"]
[SourceDate "2019.11.06"]
[SourceVersion "1"]
[SourceVersionDate "2019.11.06"]
[SourceQuality "1"]

1. d4 d5 2. c4 e6 3. Nc3 Nf6 4. Bg5 Nbd7 5. e3 Be7 6. Nf3 0-0 7. Rc1 a6 8. Bd3 dxc4 9. Bxc4 b5 10. Bd3 Bb7 11. 0-0 c5 12. dxc5 Nxc5 13. Bb1 Qb6 14. Qc2 Nce4 15. Nxe4 Bxe4 16. Qc7 Qxc7 17. Rxc7 Bd6 18. Rcc1 1/2-1/2

[Event "Dortmund Sparkassen op-B 47th"]
[Site "Dortmund"]
[Date "2019.07.14"]
[Round "2"]
[White "Steinke, Hans Joerg"]
[Black "Rebber, Christian"]
[Result "0-1"]
[WhiteElo "1644"]
[BlackElo "1849"]
[PlyCount "64"]
[EventDate "2019.07.13"]
[EventType "swiss"]
[EventRounds "9"]
[EventCountry "GER"]
[SourceTitle "CBM 192 Extra"]
[Source "Chessbase"]
[SourceDate "2019.11.06"]
[SourceVersion "1"]
[SourceVersionDate "2019.11.06"]
[SourceQuality "1"]

1. d4 Nf6 2. c4 e6 3. Nf3 d5 4. Bg5 Be7 5. e3 Ne4 6. Bxe7 Qxe7 7. Nc3 Nxc3 8. bxc3 0-0 9. Bd3 b6 10. cxd5 exd5 11. Qc2 g6 12. 0-0 Bb7 13. Rfe1 Nd7 14. e4 dxe4 15. Bxe4 Bxe4 16. Qxe4 Qd6 17. Rad1 Nf6 18. Qe5 Rfe8 19. Qxd6 cxd6 20. Nd2 Nd5 21. Nb1 Rec8 22. Rd3 Rc7 23. g3 Rac8 24. Rc1 b5 25. a3 a5 26. Kf1 b4 27. axb4 axb4 28. Ke2 bxc3 29. h4 Kf8 30. Kf3 c2 31. Na3 Nb4 32. Rd2 Rc3+ 0-1

[Event "Hofheim Spring op-B 7th"]
[Site "Hofheim"]
[Date "2019.04.27"]
[Round "9"]
[White "Steinke, Hans Joerg"]
[Black "Bazilius, Augustinas"]
[Result "1-0"]
[WhiteElo "1784"]
[BlackElo "1495"]
[PlyCount "63"]
[EventDate "2019.04.23"]
[EventType "swiss"]
[EventRounds "9"]
[EventCountry "GER"]
[SourceTitle "CBM 190 Extra"]
[Source "ChessBase"]
[SourceDate "2019.07.15"]
[SourceVersion "1"]
[SourceVersionDate "2019.07.15"]
[SourceQuality "1"]

1. d4 Nf6 2. c4 g6 3. Nc3 d5 4. cxd5 Nxd5 5. e4 Nxc3 6. bxc3 Bg7 7. Bc4 c5 8. Be3 0-0 9. Ne2 Nc6 10. 0-0 Na5 11. Bd3 cxd4 12. cxd4 e5 13. d5 f5 14. f3 b6 15. Bd2 Nb7 16. Bb4 Re8 17. Rc1 f4 18. Bb5 Bd7 19. Bc6 Rb8 20. Qa4 b5 21. Qxa7 Bxc6 22. dxc6 Qd3 23. cxb7 Qxe2 24. Qxb8 Rxb8 25. Rc8+ Kf7 26. Rxb8 Qe3+ 27. Kh1 Qa7 28. Bd6 Qa6 29. Rc8 b4 30. Rfc1 Qxb7 31. R1c7+ Qxc7 32. Rxc7+ 1-0

[Event "Hofheim Spring op-B 7th"]
[Site "Hofheim"]
[Date "2019.04.26"]
[Round "7"]
[White "Steinke, Hans Joerg"]
[Black "Modi, Sonia"]
[Result "1-0"]
[WhiteElo "1784"]
[BlackElo "1502"]
[PlyCount "79"]
[EventDate "2019.04.23"]
[EventType "swiss"]
[EventRounds "9"]
[EventCountry "GER"]
[SourceTitle "CBM 190 Extra"]
[Source "ChessBase"]
[SourceDate "2019.07.15"]
[SourceVersion "1"]
[SourceVersionDate "2019.07.15"]
[SourceQuality "1"]

1. d4 Nf6 2. c4 e6 3. Nf3 Bb4+ 4. Bd2 Qe7 5. Nc3 b6 6. g3 Ba6 7. e3 0-0 8. a3 Bxc3 9. Bxc3 d5 10. cxd5 Bxf1 11. Kxf1 exd5 12. Kg2 Nbd7 13. Rc1 Ne4 14. Re1 Rac8 15. h3 Qe6 16. Ng1 Qg6 17. Qg4 Qxg4 18. hxg4 f5 19. gxf5 Rxf5 20. f3 Nxc3 21. Rxc3 c5 22. dxc5 Rxc5 23. Rec1 Re5 24. b4 Rxc3 25. Rxc3 Nf6 26. Kf2 Kf7 27. Rc7+ Re7 28. Rc3 Ke6 29. Ne2 Rf7 30. Nd4+ Ke5 31. Ke2 g5 32. Rc6 Re7 33. f4+ gxf4 34. gxf4+ Ke4 35. Rxf6 h5 36. Rh6 h4 37. Rxh4 Rg7 38. f5+ Ke5 39. Kf3 Rg1 40. Rh6 1-0

[Event "Heusenstamm Sparkassen op-A 5th"]
[Site "Heusenstamm"]
[Date "2018.11.24"]
[Round "4"]
[White "Steinke, Hans Joerg"]
[Black "Heun, Andreas"]
[Result "1-0"]
[WhiteElo "1791"]
[BlackElo "1687"]
[PlyCount "67"]
[EventDate "2018.11.22"]
[EventType "swiss"]
[EventRounds "7"]
[EventCountry "GER"]
[SourceTitle "CBM 188 Extra"]
[Source "ChessBase"]
[SourceDate "2019.02.28"]
[SourceVersion "1"]
[SourceVersionDate "2019.02.28"]
[SourceQuality "1"]

1. d4 Nf6 2. c4 g6 3. Nc3 Bg7 4. e4 d6 5. Nf3 0-0 6. Be2 a6 7. 0-0 Nbd7 8. Bg5 c5 9. d5 h6 10. Bd2 Kh7 11. Rb1 Ng8 12. Qc2 Ne5 13. Ne1 Kh8 14. Nd1 Bd7 15. Bc3 b5 16. cxb5 axb5 17. a3 Rc8 18. f4 b4 19. Bd2 Ng4 20. h3 Bd4+ 21. Kh1 e5 22. Nf3 N8f6 23. axb4 Nh5 24. Nxd4 Ng3+ 25. Kg1 cxd4 26. Qd3 Nxe2+ 27. Qxe2 Nf6 28. fxe5 Nxe4 29. Qxe4 Bf5 30. Rxf5 gxf5 31. Qxf5 Rg8 32. exd6 Qxd6 33. Bf4 Qb6 34. Be5+ 1-0

[Event "Heusenstamm Sparkassen op-A 5th"]
[Site "Heusenstamm"]
[Date "2018.11.22"]
[Round "1"]
[White "Vlassis, Georgios"]
[Black "Steinke, Hans Joerg"]
[Result "1-0"]
[WhiteElo "2053"]
[BlackElo "1791"]
[PlyCount "99"]
[EventDate "2018.11.22"]
[EventType "swiss"]
[EventRounds "7"]
[EventCountry "GER"]
[SourceTitle "CBM 188 Extra"]
[Source "ChessBase"]
[SourceDate "2019.02.28"]
[SourceVersion "1"]
[SourceVersionDate "2019.02.28"]
[SourceQuality "1"]

1. Nf3 Nf6 2. d4 d5 3. e3 e6 4. Bd3 c5 5. b3 Nc6 6. 0-0 Bd6 7. Bb2 0-0 8. Nbd2 cxd4 9. exd4 Bd7 10. a3 Qc7 11. Qe2 Bf4 12. Ne5 Rfd8 13. Ndf3 Rac8 14. g3 Bxe5 15. Nxe5 Nxe5 16. dxe5 Ne4 17. Qe3 Nc5 18. Be2 Be8 19. Bd4 b6 20. Rfc1 Qe7 21. h4 Nd7 22. a4 Nc5 23. a5 Ra8 24. Kg2 Rdc8 25. h5 h6 26. b4 Nd7 27. c3 Qd8 28. Bd3 Qc7 29. f4 bxa5 30. Rxa5 Nb6 31. Rc5 Qb7 32. Rxc8 Rxc8 33. Ra1 Rc7 34. Qf3 Qc6 35. g4 Bd7 36. g5 hxg5 37. fxg5 Be8 38. Rf1 Qd7 39. h6 Qe7 40. Qf4 Nd7 41. hxg7 Kxg7 42. Qf6+ Qxf6 43. gxf6+ Kg8 44. Kf3 Nf8 45. Ra1 Ng6 46. Kg4 Rb7 47. Kg5 Rc7 48. Ra6 Rb7 49. Bxg6 fxg6 50. Rxe6 1-0

[Event "Hofheim Spring op-B 5th"]
[Site "Hofheim"]
[Date "2017.04.09"]
[Round "4"]
[White "Steinke, Hans Joerg"]
[Black "Litfin, Boris"]
[Result "0-1"]
[WhiteElo "1864"]
[BlackElo "1945"]
[PlyCount "21"]
[EventDate "2017.04.07"]
[EventType "swiss"]
[EventRounds "9"]
[EventCountry "GER"]
[SourceTitle "CBM 178 Extra"]
[Source "ChessBase"]
[SourceDate "2017.06.22"]
[SourceVersion "1"]
[SourceVersionDate "2017.06.22"]
[SourceQuality "1"]

1. d4 Nf6 2. c4 g6 3. Nc3 Bg7 4. e4 d6 5. Nf3 0-0 6. Be2 c5 7. d5 Na6 8. 0-0 Nc7 9. h3 a6 10. a4 Bd7 11. Qc2 0-1

[Event "Goch op 27th"]
[Site "Goch"]
[Date "2016.09.01"]
[Round "1"]
[White "Steinke, Hans Joerg"]
[Black "Moes, Waldemar"]
[Result "0-1"]
[WhiteElo "1718"]
[BlackElo "2074"]
[PlyCount "56"]
[EventDate "2016.09.01"]
[EventType "swiss"]
[EventRounds "7"]
[EventCountry "GER"]
[SourceTitle "EXT 2018"]
[Source "ChessBase"]
[SourceDate "2017.10.13"]
[SourceVersion "1"]
[SourceVersionDate "2017.10.13"]
[SourceQuality "1"]

1. d4 Nf6 2. c4 e6 3. Nc3 Bb4 4. a3 Bxc3+ 5. bxc3 d6 6. Nf3 0-0 7. e3 Nbd7 8. Bd3 e5 9. Nd2 Re8 10. f3 exd4 11. cxd4 Rxe3+ 12. Be2 Re8 13. 0-0 Nf8 14. Bd3 Ng6 15. Nb3 Nh5 16. Qc2 Bd7 17. a4 Kh8 18. Kh1 Qh4 19. Kg1 Ngf4 20. Bxf4 Nxf4 21. Be4 f5 22. g3 Qg5 23. Bd3 Re3 24. Nc1 Rae8 25. Kh1 Nxd3 26. Nxd3 Re2 27. Qd1 Rd2 28. Qb1 Ree2 0-1

[Event "Dortmund ABC Serie A-24"]
[Site "Dortmund"]
[Date "2005.10.28"]
[Round "4"]
[White "Steinke, Hans Joerg"]
[Black "Sonntag, Joachim"]
[Result "1-0"]
[WhiteElo "1676"]
[BlackElo "1738"]
[PlyCount "36"]
[EventDate "2005.10.14"]
[EventType "tourn"]
[EventRounds "11"]
[EventCountry "GER"]
[SourceTitle "EXT 2007"]
[Source "ChessBase"]
[SourceDate "2006.11.23"]
[SourceVersion "1"]
[SourceVersionDate "2006.11.23"]
[SourceQuality "1"]

1. d4 d5 2. c4 e6 3. Nc3 Nf6 4. Bg5 Nbd7 5. e3 Be7 6. Nf3 0-0 7. Rc1 b6 8. cxd5 exd5 9. Bd3 Bb7 10. 0-0 Re8 11. a3 c5 12. dxc5 bxc5 13. Bb5 a6 14. Ba4 Rf8 15. Bxd7 Qxd7 16. Na4 Qb5 17. Qc2 Rac8 18. Rfd1 Rfd8 1-0

[Event "Lippe Cup 02nd"]
[Site "Lieme"]
[Date "2005.10.09"]
[Round "5"]
[White "Bluebaum, Johanna"]
[Black "Steinke, Hans Joerg"]
[Result "1/2-1/2"]
[WhiteElo "1618"]
[BlackElo "1663"]
[PlyCount "59"]
[EventDate "2005.10.07"]
[EventType "swiss"]
[EventRounds "5"]
[EventCountry "GER"]
[SourceTitle "EXT 2012"]
[Source "ChessBase"]
[SourceDate "2011.11.24"]
[SourceVersion "1"]
[SourceVersionDate "2011.11.24"]
[SourceQuality "1"]

1. d4 d5 2. c4 Bf5 3. cxd5 Bxb1 4. Rxb1 Qxd5 5. a3 Nf6 6. Nf3 e6 7. Bf4 Bd6 8. Bxd6 Qxd6 9. e3 Nbd7 10. Bd3 0-0 11. 0-0 c5 12. Qe2 cxd4 13. Nxd4 Ne5 14. Bc2 Nc6 15. Nxc6 Qxc6 16. Rbc1 Qb6 17. Rfd1 Rfd8 18. h3 g6 19. Bb1 Rxd1+ 20. Rxd1 Rd8 21. Rxd8+ Qxd8 22. Qd3 Qxd3 23. Bxd3 Kf8 24. Kf1 e5 25. Ke2 g5 26. Kd2 h6 27. Kc3 Ke7 28. Kc4 Kd6 29. e4 Nd7 30. b4 1/2-1/2

[Event "Lippe Cup 02nd"]
[Site "Lieme"]
[Date "2005.10.09"]
[Round "4"]
[White "Steinke, Hans Joerg"]
[Black "Wittke, Rene"]
[Result "1/2-1/2"]
[WhiteElo "1663"]
[BlackElo "1715"]
[PlyCount "30"]
[EventDate "2005.10.07"]
[EventType "swiss"]
[EventRounds "5"]
[EventCountry "GER"]
[SourceTitle "EXT 2012"]
[Source "ChessBase"]
[SourceDate "2011.11.24"]
[SourceVersion "1"]
[SourceVersionDate "2011.11.24"]
[SourceQuality "1"]

1. g3 d5 2. Nf3 c5 3. b3 Nc6 4. d3 Nf6 5. Nbd2 e6 6. Bg2 Qc7 7. 0-0 Be7 8. Re1 d4 9. Bb2 0-0 10. c3 Rd8 11. Rc1 dxc3 12. Bxc3 Nd5 13. Bb2 e5 14. Ne4 b6 15. Nc3 Nxc3 1/2-1/2